Perspektívy rozvoja socialistickej spoločnosti

Bibliographic Details
Main Authors: Kanis, Pavol, 1948- (Author), Hudeček, Theodor, 1943-2012 (Author)
Format: Article
Language:Slovak
Subjects:

MARC

LEADER 00000nab a2200000 a 4500
001 vtls000258329
003 SK-MaSNL
005 20260302220812.0
008 111130c1986 xo 0 slo
015 |a SNBRB19rr/mm-uuuuu 
035 |a CL0268443 
040 |a SNKBUCL  |b slo  |c SNKBUCL  |e AACR2 
041 0 |a slo 
044 |a xo  |c SK 
080 |a 321.74  |2 1981 
080 |a 001.8  |2 1981 
100 1 |a Kanis, Pavol,  |d 1948-  |4 aut  |9 202008 
245 1 0 |a Perspektívy rozvoja socialistickej spoločnosti  |c Pavol Kanis, Teodor Hudeček 
650 0 7 |a socialistické a komunistické spoločnosti  |2 snkbucl  |9 162519 
650 0 7 |a vedecko-technický rozvoj  |2 snkbucl  |9 3999 
655 7 |a články z novín a časopisov  |2 snkbucl  |9 267496 
700 1 |a Hudeček, Theodor,  |d 1943-2012  |4 aut  |9 212884 
773 0 |t Pravda  |g Roč. 67, č. 236 (7. 10. 1986), s. 4 
850 |a Slovenská národná knižnica v Martine  |a MTA001 
852 |a SNK  |b KIS3GCP 
958 |a RK 
992 |a RBX 
999 |c 1508721  |d 1510651